| 000 | 01011cam a22002774a 4500 | ||
|---|---|---|---|
| 001 | 13683939 | ||
| 003 | OSt | ||
| 005 | 20230915161342.0 | ||
| 008 | 040811s2005 ilua 001 0 eng | ||
| 010 | _a 2004018975 | ||
| 020 | _a0736052321 (soft cover) | ||
| 040 |
_aDLC _cDLC _dDLC |
||
| 042 | _apcc | ||
| 050 | 0 | 0 |
_aGV711 _b.S53 2005 |
| 082 | 0 | 0 |
_a796.077 _222 _bREY/S |
| 245 | 0 | 0 |
_aShe can coach! / _cCecile Reynaud, editor. |
| 260 |
_aChampaign, IL : _bHuman Kinetics, _cc2005. |
||
| 300 |
_aviii, 269 p. : _bill. ; _c25 cm. |
||
| 500 | _aIncludes index. | ||
| 650 | 0 | _aCoaching (Athletics) | |
| 700 | 1 |
_aReynaud, Cecile, _d1953- _99491 |
|
| 856 | 4 | 1 |
_3Table of contents _uhttp://www.loc.gov/catdir/toc/ecip0421/2004018975.html |
| 906 |
_a7 _bcbc _corignew _d1 _eecip _f20 _gy-gencatlg |
||
| 942 |
_2ddc _cBK _h796.077 _iREY/S _k796.077 _mREY/S |
||
| 999 |
_c42468 _d42468 |
||